banner koha

New species of Philodendron (Araceae) from the Brazilian Atlantic Forest (Registro n. 339078)

MARC details
000 -LÍDER
fixed length control field 02175nab a2200277 i 4500
003 - CÓDIGO MARC DA AGÊNCIA CATALOGADORA
Campo de controle BR-BrBNA
005 - DATA E HORA DA ÚLTIMA ATUALIZAÇÃO
Campo de controle 20251117123755.0
008 - CAMPO DE TAMANHO FIXO
fixed length control field 251117b2023 bl.ar|pooa||| 00| 0 eng |
040 ## - FONTE DA CATALOGAÇÃO
Agência catalogadora BR-BrBNA
Idioma da catalogação eng
072 ## - CATEGORIA AGRIS
Código AGRIS F70
100 ## - ENTRADA PRINCIPAL - NOME PESSOAL
Nome pessoal Mattos, Juliana Ribeiro de
100 ## - ENTRADA PRINCIPAL - NOME PESSOAL
Nome pessoal Coelho, Marcus Alberto Nadruz
100 ## - ENTRADA PRINCIPAL - NOME PESSOAL
Nome pessoal Baumgratz, José Fernando Andrade
245 ## - TÍTULO PRINCIPAL
Título principal New species of Philodendron (Araceae) from the Brazilian Atlantic Forest
500 ## - NOTA GERAL
Nota geral Publicação on-line; 26 ref.; 1 table; 2 illus.; Summaries (En, Pt)
942 ## - ADDED ENTRY ELEMENTS (KOHA)
Koha item type Analítica
520 ## - NOTA DE RESUMO
Nota de conteúdo <br/>Abstract<br/><br/>A new species of Araceae, Philodendron madalenense, endemic to the Atlantic Forest of Southeastern<br/>Brazil, is described. It belongs to the subgenus Philodendron sect. Macrobelium due to the cordate leaf blade,<br/>inflorescence longer than 5 cm in length, and ovary with 6–12 locules, basal placentation, and 3–4 ovules<br/>per locule. This species is rare, endemic to the state of Rio de Janeiro, and it is morphologically related to<br/>Philodendron follii. <br/><br/>Key words: conservation, endemism, Fluminense flora, Santa Maria Madalena municipality, section<br/>Macrobelium.<br/><br/><br/><br/><br/><br/><br/>Resumo<br/><br/>Uma nova espécie de Philodendron, P. madalenense, endêmica da Mata Atlântica do Sudeste do Brasil,<br/>é descrita. Pertencente ao subg. Philodendron sect. Macrobelium por apresentar lâmina foliar cordada,<br/>inflorescência maior que 5 cm de comprimento, 6–12 lóculos, placentação basal e 3–4 óvulos por lóculo. Essa<br/>espécie é rara, endêmica do estado do Rio de Janeiro e morfologicamente semelhante a Philodendron follii. <br/><br/>Palavras-chave: conservação, endemismo, Flora fluminense, município Santa Maria Madalena, seção<br/>Macrobelium.
650 ## - ASSUNTO - THESAGRO
Cabeçalho tópico ou nome geográfico CONSERVAÇÃO
650 ## - ASSUNTO - THESAGRO
Cabeçalho tópico ou nome geográfico FLORA
650 ## - ASSUNTO - THESAGRO
Cabeçalho tópico ou nome geográfico ARACEAE
650 ## - ASSUNTO - THESAGRO
Cabeçalho tópico ou nome geográfico TAXONOMIA
650 ## - ASSUNTO - THESAGRO
Cabeçalho tópico ou nome geográfico SANTA MARIA MADALENA
773 0# - ENTRADA ANALÍTICA
Host Biblionumber 709
Registro do item 359038
Imprenta Rio de Janeiro-RJ Jardim Botanico do Rio de Janeiro 1935
Outro identificador 2025-7012
Título Rodriguésia (Brazil)
ISSN 0370-6583; 2175-7860 on-line
Colação v. 74 p. 1-6; (2023)
Número de controle de registro BR2025004427
856 ## - ACESSO E ENDEREÇO ELETRÔNICO
Identificador uniforme de recurso - URI https://www.scielo.br/j/rod/a/s7vH4F9RDHMmCzwJNsL7TmC/?format=pdf&lang=en

Nenhum exemplar disponível.

BINAGRI

Telefone: (61)3218-2567/2388/3357/2097 - binagri@agro.gov.br

Ministério da Agricultura e Pecuária , Esplanada dos Ministérios, Bloco D, Anexo B, Brasília/DF, CEP: 70.043-900